01620nam a2200349 a 4500001001000000003000500010005001700015008004100032010001100073011001100084040000900095090001000104100003600114245023800150260004100388500006000429502006900489590004100558590004000599590004000639650005500679650004000734650005800774650005000832856007000882901000700952942001000959942000600969999001900975952013600994952014001130000113097CHAP20220329144338.0170421s2016 mx sm |||||||spa d a109558 a110530 cCHAP aTesis1 aZarate Escobedo, Johana913195510aEnsayo piloto de extracción del aceite esencial de poblaciones naturales de Tagetes lucida cav. para la evaluación toxicológica en nematodos presentes en jitomate (Solanum lycopersicum L.)h[En línea]cJohana Zarate Escobedo. aChapingo, Méx. :bEl autor,c2016. aPara ver el contenido del material haga clic en la liga aTesis (M.C. en Horticultura) -- UACH. Departamento de Fitotecnia aBATCH-UPDb05c20170421lUCH01h0827 aE5765TAJb05c20170421lUCH01h0827 aE5765TAJb05c20170421lUCH01h082814aAceites esencialesxEfecto en nemátodos.913156014aNacobbus aberransxControl.913195714aTagete lucidaxAceites esencialesxToxicidad.913195614aTomatexEnfermedades por nemátodos.9113714 aFinding aiduhttp://10.13.5.2/tesis/sist113097.pdfzTeclea aquí aBK cTESIS n0 c109558d109558 00104054718TESISaBCbBCd2017-04-21fTESISl0oTesisp33724002524918r2019-12-31 00:00:00w2019-12-31yTESISzRecien adquirido 00102local4053708TESISaBCbBCcPA_TESISd2017-04-21fTESISl0oTesisp33724002524959r2019-12-31 00:00:00tc.2w2019-12-31yTESIS